Ukraine : Géostratégie d'une guerre moderne (notice n° 1568006)
[ vue normale ]
| 000 -LEADER | |
|---|---|
| fixed length control field | 01553cam a2200133 4500500 |
| 005 - DATE AND TIME OF LATEST TRANSACTION | |
| control field | 20251214003832.0 |
| 041 ## - LANGUAGE CODE | |
| Language code of text/sound track or separate title | fre |
| 042 ## - AUTHENTICATION CODE | |
| Authentication code | dc |
| 100 10 - MAIN ENTRY--PERSONAL NAME | |
| Personal name | Boulanger, Philippe |
| Relator term | author |
| 245 00 - TITLE STATEMENT | |
| Title | Ukraine : Géostratégie d'une guerre moderne |
| 260 ## - PUBLICATION, DISTRIBUTION, ETC. | |
| Name of publisher, distributor, etc. | Armand Colin,<br/> |
| Date of publication, distribution, etc. | 2025.<br/> |
| 520 ## - SUMMARY, ETC. | |
| Summary, etc. | Comment appréhender le conflit en Ukraine sous un nouvel angle&#8239;?Depuis le 24 février 2022, la guerre en Ukraine a mis en lumière l’importance cruciale de maitriser les espaces physiques — terre, mer, air. Les Ukrainiens, résolus à défendre leur territoire, se concentrent sur la reconquête du Donbass, tandis que les Russes cherchent à contrôler ces régions stratégiques pour imposer leur domination et renverser le régime de Kiev. Chaque action militaire est guidée par la nécessité de contrôler ces zones clés.Un conflit qui se joue également sur des nœuds géostratégiques. Flux logistiques et énergétiques, batailles urbaines, ou espaces immatériels comme le cyberespace, sont autant de points cruciaux qui influencent la planification et l’exécution des stratégies de chaque camp.À travers une analyse géostratégique inédite, cet ouvrage dévoile comment ces éléments géographiques et immatériels façonnent les stratégies militaires et orientent l’évolution du conflit.Une lecture essentielle pour comprendre les enjeux majeurs de cette guerre et ses conséquences pour l’avenir de l’Europe. |
| 856 41 - ELECTRONIC LOCATION AND ACCESS | |
| Uniform Resource Identifier | <a href="https://shs.cairn.info/ukraine--9782200641252?lang=fr&redirect-ssocas=7080">https://shs.cairn.info/ukraine--9782200641252?lang=fr&redirect-ssocas=7080</a> |
Pas d'exemplaire disponible.




Réseaux sociaux